000 00990nam0a22002651 4500
001 rc\4519561
005 20250612105422.0
021 _aRU
_b[65-9904]
035 _a(NLR Aleph) 008624305
090 _a8842836
_c8842836
100 _a20130416d1964 |||y0rusy50 ca
101 0 _arus
102 _aRU
105 _aa c |||||
200 1 _aСолнцелечение в условиях жаркого климата
_e(Метод. указания)
_fМ-во здравоохранения УзССР. Узбек. гос. науч.-исслед. ин-т курортологии и физиотерапии им. Н.А. Семашко
210 _aТашкент
_cБ. и.
_d1964
215 _a24 с.
_cил.
_d20
300 _aАвт. указан на обл.
606 _aСолнцелечение
_yУзбекская ССР
_2psbo
700 1 _aКетко
_bМ.И.
801 0 _aRU
_bNLR
_gpsbo
801 1 _aRU
_bELAR
_2rusmarc
852 _aNLR
_j65-4/2486
942 _cBOOK
980 _aNB